| 000 | 00557nam a2200181 i 4500 | ||
|---|---|---|---|
| 001 | 35990 | ||
| 003 | ES-MaACL | ||
| 005 | 20230906155251.0 | ||
| 007 | t| | ||
| 008 | 030214s1963 sp ||||1| spa d | ||
| 100 | 1 |
_aBrennan, Robert Edward. _931589 |
|
| 245 | 1 | 0 |
_aEnsayos sobre el tomismo / _cRobert E. Brennan ; [versión española de Efrén Villacorta]. |
| 260 |
_aMadrid : _bMorata, _c[1963] |
||
| 300 |
_a1 v. ; _c23 cm. |
||
| 650 | 4 |
_aEscolasticismo. _9136013 |
|
| 700 | 1 |
_aVillacorta Saiz, Efrén. _9171131 |
|
| 852 |
_aES-MaACL _jP-858-bis _bR.52815 |
||
| 999 |
_c35990 _d35990 |
||